000 01248cam a2200349 i 4500
001 ocn915171191
005 20160602143652.0
008 1606 s2014 ec frb 000 0 spa d
010 _z2015469290
020 _a9789978847084
020 _z9978847081
020 _a9789978196199
020 _z9978196196
035 _a(OCoLC)915171191
040 _aCo-BoUCM
_bspa
_cSaul Niño
_dSaul Niño
041 0 _aspa
100 1 _aMontaño Galarza, César
_d1969-
_977537
245 1 0 _aDerecho tributario municipal ecuatoriano
_bfundamentos y práctica
_cCésar Montaño Galarza, Juan Carlos Mogrovejo Jaramillo
260 _aQuito (Ecuador)
_bCorporación Editora Nacional
_c2014
300 _a225 páginas
490 0 _aEstudios jurídicos
_v36
504 _aIncluye referencias bibliográficas
650 7 _aImpuestos
_xLegislación
_zEcuador
_917233
650 7 _aGobierno municipal
_zEcuador
_916482
650 7 _aTributación económica
_925886
650 7 _aFinanzas corporativas
_xLegislación
_915895
651 7 _aEcuador
_926934
690 0 _aDerecho tributario
_912836
700 1 _aMogrovejo Jaramillo, Juan Carlos
_977538
942 _2DEWEY
_a8
_cLIBRO
_e1
_h343.04866
_mD431tr
999 _c303526
_d303526